000 00332nam a22001337a 4500
008 190222b xxu||||| |||| 00| 0 eng d
020 _a0875480306
041 _aeng
080 _a821
100 _a22
101 _aGJL
245 _aDiscourse on Metaphysics. Correspodence with Arnauld Monadology
_cLeibniz, G.W
942 _2udc
_cBK
999 _c54118
_d54118